| 000 | 00948cam a22002295a 4500 | ||
|---|---|---|---|
| 001 | E148819 | ||
| 008 | 091111s2007 xxk f 000 0 eng d | ||
| 035 | _a(Sirsi) u148819 | ||
| 041 | 0 | _aeng | |
| 050 | 0 | 4 | _a694.01 $2 18 |
| 110 | 2 |
_aUnited Nations _92749 |
|
| 245 | 0 | 0 |
_aTimber _ba guide to the planning, use, procurement and logistics of timber as a construction material in humanitarian relief, scoping study |
| 260 |
_a[Geneva] _bUnited Nations _c2007 |
||
| 300 |
_aviii, 74p. _bill. _c21cm. |
||
| 505 | 2 | _aIntroduction -- Planning and use -- Procurement -- Logistics -- Annexes | |
| 520 | _aThe scoping study for a document which aims to bring together published information and experiences on how humanitarian organisations procure and use timber in humanitarian emergencies. | ||
| 521 | _aAdvanced | ||
| 590 | _aKA | ||
| 651 | 4 | _aInternational | |
| 690 | _aBUILT ENVIRONMENT-BUILDING MATERIALS-TIMBER-TIMBER AND WOOD | ||
| 942 | _n0 | ||
| 999 |
_c110243 _d110243 |
||